[Event "Veletrzni turnaj 2018"]
[Site "Střední škola informatiky, "]
[Date "2018.08.28"]
[Round "4.19"]
[White "Nemec, Jakub"]
[Black "Licka, Vlastimil"]
[Result "0-1"]
[WhiteElo "1768"]
[BlackElo "1900"]
[PlyCount "52"]
[EventDate "2018.08.26"]

1. d4 Nf6 2. Nf3 e6 3. Bf4 d5 4. e3 c5 5. c3 Nc6 6. Bd3 Be7 7. Nbd2 Bd7 8. Ne5
Rc8 9. Ndf3 h6 10. O-O O-O 11. Re1 Be8 12. Qe2 Ne4 13. Rad1 f5 14. Nxc6 Bxc6
15. Ne5 Be8 16. f3 Nf6 17. Kh1 Nh5 18. c4 cxd4 19. cxd5 exd5 20. Bg3 dxe3 21.
Qxe3 f4 22. Qe2 fxg3 23. Ng4 Bb4 24. Qe6+ Kh8 25. Ne5 Nf4 26. Nf7+ Bxf7 0-1

[Event "Veletrzni turnaj 2018"]
[Site "Střední škola informatiky, "]
[Date "2018.08.28"]
[Round "4.21"]
[White "Nezval, Filip"]
[Black "Zabloudil, Radek"]
[Result "1/2-1/2"]
[WhiteElo "1659"]
[BlackElo "1747"]
[PlyCount "60"]
[EventDate "2018.08.26"]

1. d4 c6 2. c4 d6 3. Nc3 Qc7 4. Nf3 Bg4 5. Bg5 Nd7 6. e3 e5 7. Be2 h6 8. Bh4
Be7 9. Bg3 Ngf6 10. h3 Bf5 11. d5 a5 12. Rc1 Nc5 13. dxc6 bxc6 14. Na4 Nfe4 15.
Bh2 O-O 16. Nxc5 Nxc5 17. Nd2 Rfb8 18. Nb3 Nxb3 19. axb3 Qb6 20. Rc3 a4 21. c5
Qb4 22. O-O d5 23. Bxe5 Rb7 24. Qd4 Qxd4 25. exd4 axb3 26. Bd3 Bxd3 27. Rxd3
Ra2 28. Rb1 Rb4 29. g4 Kf8 30. Kg2 Raa4 1/2-1/2

[Event "Veletrzni turnaj 2018"]
[Site "Střední škola informatiky, "]
[Date "2018.08.28"]
[Round "4.22"]
[White "Rehurek, Karel"]
[Black "Hrdlicka, Vladan"]
[Result "1-0"]
[WhiteElo "1728"]
[BlackElo "1827"]
[PlyCount "70"]
[EventDate "2018.08.26"]

1. e4 c5 2. Nc3 e6 3. g3 Nc6 4. Bg2 Nf6 5. d3 Be7 6. Nf3 a6 7. O-O O-O 8. Bf4
d5 9. exd5 Nxd5 10. Nxd5 exd5 11. d4 c4 12. c3 b5 13. Re1 h6 14. Ne5 Nxe5 15.
Rxe5 Be6 16. Qe2 Qd7 17. Bxd5 Bxd5 18. Rxe7 Qh3 19. f3 Qh5 20. Rf1 Be6 21. Rc7
Rfe8 22. Qf2 f6 23. Rc5 Qg6 24. h4 h5 25. Rd1 Bf5 26. d5 Bd3 27. d6 Re2 28. d7
Rd8 29. Rc8 Kh7 30. Rxd8 Qf5 31. Rh8+ Kxh8 32. d8=Q+ Kh7 33. Qdd4 Qe6 34. Rxd3
Re1+ 35. Kg2 Qh3+ 1-0

[Event "Veletrzni turnaj 2018"]
[Site "Střední škola informatiky, "]
[Date "2018.08.28"]
[Round "4.23"]
[White "Blazek, Pavel"]
[Black "Jurak, Stanislav"]
[Result "1-0"]
[WhiteElo "1697"]
[BlackElo "1778"]
[PlyCount "119"]
[EventDate "2018.08.26"]

1. d4 d5 2. Nf3 Nf6 3. e3 Bg4 4. h3 Bh5 5. c3 Nbd7 6. Nbd2 e6 7. Bd3 Be7 8. e4
dxe4 9. Nxe4 Bg6 10. Qc2 Rc8 11. Nxf6+ Nxf6 12. Bxg6 hxg6 13. Qa4+ c6 14. Qxa7
Qc7 15. Qa4 O-O 16. O-O Nh5 17. Re1 Rfd8 18. Qc2 Rd5 19. Re5 Bd6 20. Rxd5 exd5
21. Bg5 Nf4 22. Bxf4 Bxf4 23. Re1 Bd6 24. Re2 Qd7 25. Qb3 Rb8 26. Qd1 Qf5 27.
Qe1 Kf8 28. Ne5 Rd8 29. Re3 Qc8 30. Qe2 Qc7 31. Qf3 Bxe5 32. Rxe5 f6 33. Re3
Kf7 34. Qg3 Qd7 35. Qg4 Qxg4 36. hxg4 g5 37. g3 Rh8 38. Kg2 Ra8 39. a3 b5 40.
f4 gxf4 41. gxf4 Ra7 42. f5 Rc7 43. Re6 Rc8 44. Kf3 Rc7 45. Ke3 g6 46. Kd3 gxf5
47. gxf5 Rc8 48. Kc2 Kg7 49. Kb3 c5 50. dxc5 Rxc5 51. Kb4 Rc4+ 52. Kxb5 Rf4 53.
Kc6 Rxf5 54. b4 Rf3 55. Kxd5 Rxc3 56. a4 Kf7 57. Re1 f5 58. a5 Kf6 59. b5 f4
60. a6 1-0

[Event "Veletrzni turnaj 2018"]
[Site "Střední škola informatiky, "]
[Date "2018.08.28"]
[Round "4.24"]
[White "Doskar, Miloslav"]
[Black "Nekvasil, Radek"]
[Result "0-1"]
[WhiteElo "1632"]
[BlackElo "1720"]
[PlyCount "68"]
[EventDate "2018.08.26"]

1. Nf3 c5 2. g3 Nc6 3. Bg2 b5 4. c3 Bb7 5. O-O Qc7 6. Na3 a6 7. Nc2 e6 8. d4
Nf6 9. Bf4 Bd6 10. Bxd6 Qxd6 11. dxc5 Qxc5 12. e3 Rd8 13. Qe2 O-O 14. Rfd1 Rfe8
15. Ncd4 e5 16. Nb3 Qb6 17. Nbd2 d5 18. Rac1 d4 19. cxd4 exd4 20. Nf1 Bc8 21.
Qc2 Nb4 22. Qb3 a5 23. Rxd4 Be6 24. Qa3 Nxa2 25. b3 Nxc1 26. Qxc1 Bxb3 27. N1d2
Rxd4 28. Nxd4 Bd5 29. Bxd5 Nxd5 30. N2f3 b4 31. Ne5 Nc3 32. Nef3 a4 33. Qc2 Ra8
34. Ng5 Qg6 0-1

[Event "Veletrzni turnaj 2018"]
[Site "Střední škola informatiky, "]
[Date "2018.08.28"]
[Round "4.25"]
[White "Veznik, Michael"]
[Black "Prokop, Martin"]
[Result "1-0"]
[WhiteElo "1857"]
[BlackElo "1416"]
[PlyCount "39"]
[EventDate "2018.08.26"]

1. d4 d5 2. Nc3 Nf6 3. Bf4 Nc6 4. Nb5 e5 5. Bxe5 Nxe5 6. dxe5 Ng4 7. Qd4 a6 8.
Nc3 c6 9. h3 Nh6 10. g4 b6 11. Bg2 Bc5 12. Qf4 Qc7 13. e3 Rf8 14. Nge2 b5 15.
O-O Ng8 16. Nd4 f6 17. Nxc6 Bb7 18. Nxd5 Qd7 19. e6 Qc8 20. Nc7+ 1-0

[Event "Veletrzni turnaj 2018"]
[Site "Střední škola informatiky, "]
[Date "2018.08.28"]
[Round "4.26"]
[White "Ivanov, Mikhail"]
[Black "Zikan, Karel"]
[Result "0-1"]
[WhiteElo "1481"]
[BlackElo "1712"]
[PlyCount "56"]
[EventDate "2018.08.26"]

1. e4 c6 2. d4 d5 3. exd5 cxd5 4. c4 e6 5. Nf3 Nf6 6. Nc3 Bb4 7. Ne5 O-O 8. Bd3
dxc4 9. Bxc4 Nd5 10. Qf3 Nxc3 11. bxc3 Qxd4 12. O-O Qxe5 13. Rb1 Qxc3 14. Qg4
f5 15. Qe2 Nc6 16. Bxe6+ Bxe6 17. Qxe6+ Rf7 18. a3 Be7 19. Be3 Qe5 20. Qc4 f4
21. Rxb7 Na5 22. Qb5 Qxb5 23. Rxb5 fxe3 24. Rxa5 Bd8 25. Re5 exf2+ 26. Kh1 Bb6
27. g3 g6 28. Kg2 Rc8 0-1

[Event "Veletrzni turnaj 2018"]
[Site "Střední škola informatiky, "]
[Date "2018.08.28"]
[Round "4.27"]
[White "Prokop, Jiri"]
[Black "Rychtecky, Pavel"]
[Result "1/2-1/2"]
[WhiteElo "1683"]
[BlackElo "1522"]
[PlyCount "84"]
[EventDate "2018.08.26"]

1. f4 d5 2. Nf3 g6 3. d4 Bg7 4. e3 Nf6 5. Bd3 O-O 6. O-O b6 7. Qe2 Bb7 8. c3
Nbd7 9. Ne5 c5 10. a4 Qc7 11. Nd2 Ne4 12. Nxd7 Qxd7 13. Bb5 Bc6 14. Nxe4 dxe4
15. Bxc6 Qxc6 16. b4 cxb4 17. cxb4 Rac8 18. Bd2 Qc4 19. Qxc4 Rxc4 20. Rfc1 Rfc8
21. Rxc4 Rxc4 22. Rc1 Rxc1+ 23. Bxc1 e6 24. g4 Bf8 25. b5 Be7 26. g5 Kf8 27.
Kf1 Ke8 28. Ke1 Kd7 29. Kd1 f6 30. h4 f5 31. Bd2 Bf8 32. Kc2 Kc7 33. Kb3 Kd7
34. Bb4 Bxb4 35. Kxb4 Kc7 36. Kc4 Kd7 37. d5 Kd6 38. dxe6 Kxe6 39. Kb4 Kd5 40.
Kc3 Kc5 41. Kb3 Kd5 42. Kb4 Kd6 1/2-1/2

[Event "Veletrzni turnaj 2018"]
[Site "Střední škola informatiky, "]
[Date "2018.08.28"]
[Round "4.28"]
[White "Vavrinkova, Anna"]
[Black "Feldvabl, Vilem"]
[Result "1-0"]
[WhiteElo "1456"]
[BlackElo "1661"]
[PlyCount "79"]
[EventDate "2018.08.26"]

1. e4 e5 2. Nf3 Nf6 3. Nxe5 d6 4. Nf3 Nxe4 5. d4 d5 6. Bd3 Bf5 7. O-O Be7 8.
Re1 O-O 9. c4 c6 10. Qc2 Bg6 11. Ne5 Nd6 12. cxd5 Bxd3 13. Qxd3 cxd5 14. Qb3
Nc6 15. Qxd5 Nb4 16. Qb3 Nf5 17. Nf3 b6 18. a3 Nc6 19. d5 Na5 20. Qd3 g6 21. b4
Nb7 22. Bb2 Bf6 23. Bxf6 Qxf6 24. Nc3 Nbd6 25. Ne5 Rfc8 26. Rac1 Qh4 27. Nc6
Rc7 28. Ne4 Nxe4 29. Rxe4 Qf6 30. Rec4 Rac8 31. h3 b5 32. Rc5 a6 33. Qe4 Kf8
34. Ne5 Qd6 35. Rc6 Rxc6 36. Rxc6 Rxc6 37. dxc6 Qd1+ 38. Kh2 Nd6 39. Nd7+ Kg8
40. Qe7 1-0

[Event "Veletrzni turnaj 2018"]
[Site "Střední škola informatiky, "]
[Date "2018.08.28"]
[Round "4.29"]
[White "Bata, Jiri"]
[Black "Ulcak, Michael"]
[Result "0-1"]
[WhiteElo "1620"]
[BlackElo "1404"]
[PlyCount "74"]
[EventDate "2018.08.26"]

1. e4 e5 2. Bc4 Nf6 3. d4 exd4 4. Nf3 Nc6 5. O-O Nxe4 6. Nxd4 Qf6 7. Nf3 Bc5 8.
Qd5 Qe6 9. Be3 Bxe3 10. fxe3 Nf6 11. Qd3 Qg4 12. Nc3 O-O 13. h3 Qh5 14. Ne4
Nxe4 15. Qxe4 d6 16. Bxf7+ Qxf7 17. Ng5 Bf5 18. Qh4 Qg6 19. Qc4+ Kh8 20. h4 h6
21. e4 hxg5 22. exf5 Qf6 23. hxg5 Qd4+ 24. Qxd4 Nxd4 25. g6 Rxf5 26. Rxf5 Nxf5
27. Kf2 Re8 28. g4 Nd4 29. Kg3 Kg8 30. Rf1 Re7 31. c3 Nc6 32. Kh4 Ne5 33. Kg5
Re6 34. Rf4 Rxg6+ 35. Kf5 Rf6+ 36. Ke4 Rxf4+ 37. Kxf4 Nd3+ 0-1

[Event "Veletrzni turnaj 2018"]
[Site "Střední škola informatiky, "]
[Date "2018.08.28"]
[Round "4.30"]
[White "Vavrinkova, Marie"]
[Black "Kacalek, Tomas"]
[Result "1/2-1/2"]
[WhiteElo "1228"]
[BlackElo "1538"]
[PlyCount "83"]
[EventDate "2018.08.26"]

1. e4 d6 2. d4 g6 3. Nf3 Bg7 4. Bd3 Bg4 5. Be3 Nf6 6. O-O c6 7. Nc3 O-O 8. h3
Bxf3 9. Qxf3 Nbd7 10. Rad1 Qc7 11. Rfe1 b5 12. a3 Nb6 13. b3 a5 14. Ne2 a4 15.
b4 Nfd7 16. Rc1 Nc4 17. Bxc4 bxc4 18. c3 Rfb8 19. d5 c5 20. Nf4 cxb4 21. cxb4
Bb2 22. Rb1 Bxa3 23. Bd2 c3 24. Bxc3 Qc4 25. Qd3 Ne5 26. Bxe5 Qxd3 27. Nxd3
dxe5 28. Red1 Rb7 29. Nxe5 Rxb4 30. Re1 Rxb1 31. Rxb1 Bc5 32. Nd7 Bd4 33. Rd1
a3 34. Rxd4 a2 35. Rd1 a1=Q 36. Rxa1 Rxa1+ 37. Kh2 Rd1 38. Kg3 f6 39. f3 Kf7
40. Kf4 Ke8 41. Nc5 Rc1 42. Ne6 1/2-1/2

[Event "Veletrzni turnaj 2018"]
[Site "Střední škola informatiky, "]
[Date "2018.08.28"]
[Round "4.31"]
[White "Lisik, Miroslav"]
[Black "Vaculik, Martin"]
[Result "1/2-1/2"]
[WhiteElo "1667"]
[BlackElo "1410"]
[PlyCount "88"]
[EventDate "2018.08.26"]

1. e4 c5 2. Nc3 d6 3. f4 g6 4. Nf3 Bg7 5. Bb5+ Bd7 6. O-O Bxb5 7. Nxb5 a6 8.
Nc3 Nc6 9. Kh1 Nf6 10. d3 O-O 11. Qe1 Nd4 12. Qf2 Ng4 13. Qd2 Nf6 14. h3 Nh5
15. Qf2 Nxc2 16. Qxc2 Ng3+ 17. Kg1 Nxf1 18. Kxf1 b5 19. Qf2 Rc8 20. Kg1 e6 21.
Kh1 c4 22. d4 b4 23. Nd1 c3 24. bxc3 bxc3 25. Ne3 Qa5 26. Nc2 Rb8 27. Nh4 Rb5
28. Ba3 Rfb8 29. Nf3 Bf8 30. e5 d5 31. Bxf8 Kxf8 32. Qh4 Kg7 33. Qf6+ Kg8 34.
Ng5 Qc7 35. h4 h6 36. h5 R5b7 37. Nxe6 fxe6 38. Qxg6+ Qg7 39. Qxe6+ Qf7 40.
Qxh6 Rb1+ 41. Rxb1 Rxb1+ 42. Kh2 Rb2 43. Qg5+ Qg7 44. Qd8+ Kh7 1/2-1/2

[Event "Veletrzni turnaj 2018"]
[Site "Střední škola informatiky, "]
[Date "2018.08.29"]
[Round "5.1"]
[White "Jires, Jiri"]
[Black "Popper, Tomas"]
[Result "1-0"]
[WhiteElo "2029"]
[BlackElo "2025"]
[PlyCount "77"]
[EventDate "2018.08.26"]

1. e4 d6 2. d4 Nf6 3. Nc3 Nbd7 4. Nf3 e5 5. Bc4 Be7 6. O-O O-O 7. Re1 c6 8. a4
Nxe4 9. Rxe4 d5 10. Bxd5 cxd5 11. Nxd5 f5 12. Re1 e4 13. Nxe7+ Qxe7 14. Bf4 Qb4
15. Qd2 Qb6 16. Ne5 Nxe5 17. Bxe5 Bd7 18. d5 Rac8 19. b3 a6 20. Rac1 Rf7 21.
Qe3 Qa5 22. c4 Qb4 23. c5 Qa5 24. Rc4 Qd8 25. Rec1 Be8 26. Rd1 Rd7 27. Qg3 g6
28. d6 Bf7 29. Rcc1 h5 30. b4 h4 31. Qf4 Kh7 32. b5 axb5 33. axb5 Be6 34. c6 g5
35. Qd2 Rf7 36. c7 Qd7 37. Qxg5 Rcf8 38. Qh5+ Kg8 39. Qg6+ 1-0

[Event "Veletrzni turnaj 2018"]
[Site "Střední škola informatiky, "]
[Date "2018.08.29"]
[Round "5.2"]
[White "Stehlik, Jiri"]
[Black "Pokorny, Petr"]
[Result "1/2-1/2"]
[WhiteElo "1947"]
[BlackElo "2233"]
[PlyCount "56"]
[EventDate "2018.08.26"]

1. Nf3 g6 2. d4 Bg7 3. g3 Nf6 4. Bg2 O-O 5. O-O d6 6. Nc3 Nbd7 7. e4 c5 8. Re1
cxd4 9. Nxd4 a6 10. a4 Ne5 11. h3 Bd7 12. Nd5 e6 13. Nxf6+ Bxf6 14. Ra2 Qc7 15.
b3 b5 16. a5 Rac8 17. Be3 Bg7 18. Ne2 Bc6 19. Nd4 Ba8 20. Qd2 Qc3 21. Qxc3 Rxc3
22. Ne2 Rcc8 23. Rd1 Rfd8 24. Bb6 Rd7 25. f4 Nc6 26. c3 Ne7 27. Rad2 d5 28. Rd3
Rd6 1/2-1/2

[Event "Veletrzni turnaj 2018"]
[Site "Střední škola informatiky, "]
[Date "2018.08.29"]
[Round "5.3"]
[White "Dvorak, Adam"]
[Black "Habina, Martin"]
[Result "1/2-1/2"]
[WhiteElo "2188"]
[BlackElo "2002"]
[PlyCount "24"]
[EventDate "2018.08.26"]

1. d4 Nf6 2. c4 c5 3. d5 b5 4. Qc2 bxc4 5. e4 d6 6. Bxc4 g6 7. Nf3 Nbd7 8. Nbd2
Bg7 9. O-O O-O 10. h3 Nb6 11. Bd3 e6 12. dxe6 Bxe6 1/2-1/2

[Event "Veletrzni turnaj 2018"]
[Site "Střední škola informatiky, "]
[Date "2018.08.29"]
[Round "5.4"]
[White "Bullen, Alex"]
[Black "Hruza, Dominik"]
[Result "1-0"]
[WhiteElo "2120"]
[BlackElo "1877"]
[PlyCount "119"]
[EventDate "2018.08.26"]

1. d4 d5 2. Nf3 Nf6 3. c4 dxc4 4. g3 e6 5. Bg2 c5 6. O-O Nc6 7. Qa4 Bd7 8. Qxc4
cxd4 9. Nxd4 Nxd4 10. Qxd4 Bc6 11. Bxc6+ bxc6 12. Qa4 Qb6 13. Na3 Bxa3 14. Qxa3
Qb5 15. Rd1 Nd5 16. Bd2 c5 17. e4 Nf6 18. e5 Nd5 19. Rac1 O-O 20. Rxc5 Qe2 21.
Rcc1 Qxe5 22. Bc3 Nxc3 23. Qxc3 Qxc3 24. Rxc3 Rfd8 25. Rxd8+ Rxd8 26. Rc7 Ra8
27. b4 g5 28. b5 Kg7 29. a4 Kg6 30. Rb7 g4 31. a5 f6 32. Kf1 h5 33. Ke2 Kf5 34.
Ke3 Ke5 35. a6 f5 36. Kd3 Kd5 37. Kc3 Kc5 38. Kb3 Kd4 39. Kb4 e5 40. Ka5 f4 41.
Rxa7 Rxa7 42. b6 fxg3 43. hxg3 Rf7 44. b7 Rxf2 45. Kb6 Ke3 46. a7 Rb2+ 47. Kc6
Rxb7 48. Kxb7 Kf3 49. a8=Q Kxg3 50. Qh8 h4 51. Qxe5+ Kh3 52. Qf5 Kg3 53. Kc6 h3
54. Kd5 h2 55. Qf1 Kh4 56. Qg2 g3 57. Ke5 Kg4 58. Ke4 Kh4 59. Kf5 h1=N 60.
Qxh1# 1-0

[Event "Veletrzni turnaj 2018"]
[Site "Střední škola informatiky, "]
[Date "2018.08.29"]
[Round "5.5"]
[White "Senasi, Martin"]
[Black "Nemec, David"]
[Result "1-0"]
[WhiteElo "1854"]
[BlackElo "1924"]
[PlyCount "123"]
[EventDate "2018.08.26"]

1. d4 Nf6 2. Nf3 e6 3. Bf4 b6 4. Nbd2 Bb7 5. e3 Be7 6. h4 d6 7. h5 Ne4 8. Bd3
f5 9. c3 Nxd2 10. Nxd2 e5 11. Bh2 e4 12. Be2 Bg5 13. Qa4+ Qd7 14. Qb3 Nc6 15.
a4 Na5 16. Qa2 d5 17. Rb1 O-O 18. b4 Nc6 19. O-O f4 20. Nxe4 Bh6 21. exf4 Bxf4
22. Bxf4 Rxf4 23. Ng3 Raf8 24. Rbe1 Ne7 25. Bd3 Bc8 26. Qc2 h6 27. Qe2 R8f7 28.
Bc2 Qd6 29. Qd3 Bf5 30. Nxf5 R7xf5 31. Qh3 Rf6 32. Re5 Rf7 33. Qd3 R7f5 34.
Rfe1 Rxe5 35. dxe5 Qe6 36. g3 Rf5 37. Qe2 Rg5 38. Kh2 Qf7 39. e6 Qxh5+ 40. Qxh5
Rxh5+ 41. Kg2 Kf8 42. f4 c6 43. g4 Rh4 44. Kg3 g5 45. fxg5 hxg5 46. Rf1+ Ke8
47. b5 c5 48. Rd1 Rh6 49. Bf5 Rf6 50. Rf1 Kd8 51. Rf3 Kc7 52. Kf2 Kd6 53. Ke3
Ke5 54. Kd3 Rf8 55. Rh3 Kf4 56. Rh7 Nxf5 57. Rf7 Re8 58. gxf5 Ke5 59. e7 Kd6
60. f6 Ke6 61. Rf8 Kd7 62. Rg8 1-0

[Event "Veletrzni turnaj 2018"]
[Site "Střední škola informatiky, "]
[Date "2018.08.29"]
[Round "5.6"]
[White "Snorek, Milan"]
[Black "Krejci, Petr"]
[Result "1-0"]
[WhiteElo "1956"]
[BlackElo "2011"]
[PlyCount "73"]
[EventDate "2018.08.26"]

1. c4 Nf6 2. Nc3 c5 3. g3 g6 4. Bg2 Bg7 5. Nf3 Nc6 6. O-O O-O 7. d4 cxd4 8.
Nxd4 a6 9. c5 Nxd4 10. Qxd4 d6 11. cxd6 Ne8 12. Qd3 Qxd6 13. Qxd6 Nxd6 14. Nd5
Bf6 15. Nxf6+ exf6 16. Rd1 Nc4 17. b3 Ne5 18. f4 Ng4 19. h3 Nh6 20. g4 Re8 21.
Bb2 Kg7 22. g5 Ng8 23. Kf2 h6 24. gxf6+ Nxf6 25. Rac1 Be6 26. Bxb7 Rad8 27. Bg2
Rxd1 28. Rxd1 Rc8 29. Rd2 a5 30. h4 a4 31. bxa4 Rc4 32. Be5 Rxa4 33. Bd5 Bxd5
34. Rxd5 Rxf4+ 35. Kg3 g5 36. hxg5 hxg5 37. Rd6 1-0

[Event "Veletrzni turnaj 2018"]
[Site "Střední škola informatiky, "]
[Date "2018.08.29"]
[Round "5.7"]
[White "Khadash, Kamil"]
[Black "Marsa, Alexandr"]
[Result "1/2-1/2"]
[WhiteElo "1701"]
[BlackElo "1910"]
[PlyCount "92"]
[EventDate "2018.08.26"]

1. d4 d5 2. c4 e6 3. cxd5 exd5 4. Nc3 c6 5. Nf3 Bf5 6. g3 Be7 7. Bg2 Nd7 8. O-O
h6 9. Re1 Ngf6 10. a4 a5 11. Nd2 O-O 12. e4 dxe4 13. Ndxe4 Bb4 14. Bf4 Nxe4 15.
Bxe4 Bxe4 16. Rxe4 Nf6 17. Re2 Nd5 18. Bd2 Qd7 19. Nxd5 Qxd5 20. Bxb4 axb4 21.
Re5 Qd6 22. Re3 Ra5 23. Qd2 Rd8 24. Rae1 Rd5 25. Qd3 g6 26. Re8+ Rxe8 27. Rxe8+
Kg7 28. Re4 f5 29. Rf4 Qd7 30. h4 g5 31. hxg5 hxg5 32. Rf3 Rxd4 33. Qxf5 Qxf5
34. Rxf5 Kg6 35. Rf3 Rd1+ 36. Kg2 Ra1 37. b3 Rc1 38. Rf8 Rc3 39. Rb8 Rxb3 40.
Rxb7 c5 41. a5 c4 42. a6 c3 43. a7 Ra3 44. Rxb4 Rxa7 45. Rc4 Ra3 46. g4 Rb3
1/2-1/2

[Event "Veletrzni turnaj 2018"]
[Site "Střední škola informatiky, "]
[Date "2018.08.29"]
[Round "5.8"]
[White "Licka, Vlastimil"]
[Black "Dirgas, Josef"]
[Result "0-1"]
[WhiteElo "1900"]
[BlackElo "2067"]
[PlyCount "53"]
[EventDate "2018.08.26"]

1. c4 e5 2. Nc3 Nc6 3. g3 g6 4. Bg2 Bg7 5. d3 f5 6. h4 Nf6 7. Bg5 h6 8. Bxf6
Bxf6 9. Qd2 d6 10. O-O-O Ne7 11. e4 c6 12. Kb1 Be6 13. Nge2 Kf7 14. b3 d5 15.
cxd5 cxd5 16. exd5 Nxd5 17. Nxd5 Bxd5 18. Bxd5+ Qxd5 19. Qe3 Kg7 20. d4 exd4
21. Nxd4 Rhe8 22. Qf3 Re4 23. Ne2 Qe5 24. Rd7+ Kg8 25. Nc3 Qxc3 26. Qxc3 Bxc3
27. Rxb7 0-1

[Event "Veletrzni turnaj 2018"]
[Site "Střední škola informatiky, "]
[Date "2018.08.29"]
[Round "5.9"]
[White "Kosina, Vladimir"]
[Black "Macurek, Miloslav"]
[Result "1/2-1/2"]
[WhiteElo "1705"]
[BlackElo "1850"]
[PlyCount "94"]
[EventDate "2018.08.26"]

1. Nf3 Nf6 2. g3 g6 3. c4 Bg7 4. Bg2 O-O 5. O-O d6 6. Nc3 e5 7. d3 Nc6 8. a3
Be6 9. b4 e4 10. Ng5 exd3 11. exd3 Nd7 12. Nxe6 fxe6 13. Bd2 Rb8 14. Rb1 Nde5
15. Be1 Nd4 16. f4 Nec6 17. Kh1 Ne7 18. g4 e5 19. Nd5 c6 20. Nxe7+ Qxe7 21. Bg3
exf4 22. Bxf4 Be5 23. Qd2 Bxf4 24. Rxf4 Rxf4 25. Qxf4 Qe5 26. Qxe5 dxe5 27. Re1
Re8 28. a4 Kf7 29. h4 Nc2 30. Rf1+ Ke7 31. b5 cxb5 32. axb5 Ne3 33. Ra1 Nxg4
34. Rxa7 Nf2+ 35. Kg1 Nxd3 36. Rxb7+ Kd6 37. Bc6 Rd8 38. Kg2 Kc5 39. Rxh7 Kxc4
40. Kf3 Nb4 41. Be4 Rd6 42. Rh6 Kxb5 43. Rxg6 Rxg6 44. Bxg6 Kc5 45. Ke4 Kd6 46.
Kf5 Ke7 47. Kxe5 Kf8 1/2-1/2

[Event "Veletrzni turnaj 2018"]
[Site "Střední škola informatiky, "]
[Date "2018.08.29"]
[Round "5.11"]
[White "Glozar, Petr"]
[Black "Pokladnik, Martin"]
[Result "0-1"]
[WhiteElo "1831"]
[BlackElo "1957"]
[PlyCount "82"]
[EventDate "2018.08.26"]

1. e4 d6 2. d4 Nf6 3. Nc3 g6 4. Bc4 Bg7 5. Bg5 O-O 6. f4 Nxe4 7. Nxe4 d5 8. Bd3
dxe4 9. Bxe4 Qxd4 10. Qxd4 Bxd4 11. O-O-O Be3+ 12. Kb1 Nd7 13. Nf3 Nf6 14. Bd3
Bg4 15. Rde1 Bc5 16. Bxf6 exf6 17. f5 Rae8 18. h3 Bxf3 19. gxf3 Kg7 20. c3 Re5
21. Kc2 Rfe8 22. Kd1 Bf2 23. Re2 Rxe2 24. Bxe2 Kh6 25. Rh2 Rd8+ 26. Kc2 Be3 27.
Bc4 Kg5 28. Re2 Kf4 29. Bxf7 Kxf3 30. Rh2 gxf5 31. Be6 Bf4 32. Rh1 Rd2+ 33. Kb3
Ke4 34. Re1+ Be3 35. c4 f4 36. Bd5+ Rxd5 37. cxd5 Kd3 38. Rd1+ Ke2 39. Kc2 f3
40. d6 cxd6 41. Rxd6 f2 0-1

[Event "Veletrzni turnaj 2018"]
[Site "Střední škola informatiky, "]
[Date "2018.08.29"]
[Round "5.13"]
[White "Vavrinkova, Eliska"]
[Black "Mares, Jaroslav"]
[Result "0-1"]
[WhiteElo "1783"]
[BlackElo "2029"]
[PlyCount "49"]
[EventDate "2018.08.26"]

1. d4 Nf6 2. c4 e6 3. Nf3 b6 4. Nc3 Bb7 5. Bg5 Be7 6. e3 d5 7. cxd5 Nxd5 8.
Bxe7 Qxe7 9. Be2 Nd7 10. Rc1 O-O 11. Nxd5 Bxd5 12. Rxc7 Qd6 13. Rc3 Bxa2 14.
Qa4 Bd5 15. O-O a6 16. Rfc1 b5 17. Qc2 h6 18. Rc7 Bc4 19. Rxc4 bxc4 20. Qxc4
Nb6 21. Qb3 a5 22. Ne5 Rfc8 23. Rxc8+ Rxc8 24. Nd3 a4 25. Qb5 {necitelne} 0-1

[Event "Veletrzni turnaj 2018"]
[Site "Střední škola informatiky, "]
[Date "2018.08.29"]
[Round "5.14"]
[White "Meszaros, Ludek"]
[Black "Rehurek, Karel"]
[Result "1-0"]
[WhiteElo "2134"]
[BlackElo "1728"]
[PlyCount "83"]
[EventDate "2018.08.26"]

1. e4 e5 2. Nf3 Nc6 3. Bb5 Nd4 4. Nxd4 exd4 5. O-O c6 6. Bd3 Bc5 7. c3 d6 8. b4
Bb6 9. Bb2 dxc3 10. Nxc3 Nf6 11. Na4 Bc7 12. Bc2 O-O 13. d4 d5 14. e5 Ne8 15.
Qh5 g6 16. Qh6 Ng7 17. Rae1 Bf5 18. Bxf5 Nxf5 19. Qh3 Qh4 20. Qxh4 Nxh4 21. Nc5
b6 22. Nd7 Rfd8 23. Nf6+ Kg7 24. Rc1 c5 25. bxc5 bxc5 26. Rxc5 Bb6 27. Rxd5
Rxd5 28. Nxd5 Nf5 29. Nxb6 axb6 30. a3 Rd8 31. Rd1 Rd5 32. Kf1 Ne7 33. Ke2 Rb5
34. Rd2 Rb3 35. Kd1 Rb5 36. Kc2 Kf8 37. Rd3 Rd5 38. Rb3 b5 39. Kd3 Ke8 40. Ke4
Kd7 41. a4 Kc6 42. Ba3 1-0

[Event "Veletrzni turnaj 2018"]
[Site "Střední škola informatiky, "]
[Date "2018.08.29"]
[Round "5.15"]
[White "Blazek, Pavel"]
[Black "Pelikan, Jaromir"]
[Result "1-0"]
[WhiteElo "1697"]
[BlackElo "1813"]
[PlyCount "59"]
[EventDate "2018.08.26"]

1. d4 Nf6 2. Nf3 g6 3. Nc3 d5 4. Bf4 Bg7 5. e3 O-O 6. Nb5 Na6 7. c4 c6 8. Nc3
Qb6 9. Qd2 Bf5 10. Be5 Rfd8 11. c5 Qa5 12. Be2 Nd7 13. Bg3 b6 14. O-O bxc5 15.
Nxd5 Qxd2 16. Nxe7+ Kf8 17. Nxd2 Kxe7 18. Bxa6 Rh8 19. Bb7 Rae8 20. Bh4+ Kf8
21. Bxc6 cxd4 22. e4 Be6 23. Rac1 Rb8 24. Bxd7 Bxd7 25. Rc7 Bb5 26. Rfc1 Bh6
27. Bf6 Bg7 28. Rc8+ Rxc8 29. Rxc8+ Be8 30. e5 1-0

[Event "Veletrzni turnaj 2018  "]
[Site "Střední škola informatiky, "]
[Date "2018.08.29"]
[Round "5.16"]
[White "Dvorakova, Olga"]
[Black "Wunsch, Radek"]
[Result "1-0"]
[WhiteElo "1626"]
[BlackElo "1827"]
[PlyCount "69"]
[EventDate "2018.08.26"]

1. d4 Nf6 2. Nf3 d5 3. c4 c6 4. Nc3 e6 5. e3 Nbd7 6. cxd5 exd5 7. Bd3 Bd6 8.
O-O O-O 9. Rb1 Re8 10. Qc2 Qe7 11. a3 Ne4 12. b4 Ndf6 13. Na4 Bg4 14. Nd2 Qc7
15. h3 Bxh3 16. gxh3 Qc8 17. Kg2 Qf5 18. Nxe4 dxe4 19. Be2 Qg5+ 20. Kh1 Qh4 21.
Kg2 Re6 22. Rh1 Nh5 23. Bg4 Rae8 24. Nc5 Rf6 25. Bb2 Ng3 26. d5 Nxh1 27. Bxf6
gxf6 28. Rxh1 h5 29. Nxe4 hxg4 30. Nxd6 Re5 31. Nf5 Qg5 32. hxg4 Qxg4+ 33. Ng3
Rxd5 34. Qe4 f5 35. Qe8+ 1-0

[Event "Veletrzni turnaj 2018"]
[Site "Střední škola informatiky, "]
[Date "2018.08.29"]
[Round "5.17"]
[White "Volak, Simon"]
[Black "Bauer, Miroslav"]
[Result "1-0"]
[WhiteElo "1803"]
[BlackElo "1610"]
[PlyCount "59"]
[EventDate "2018.08.26"]

1. c4 e5 2. Nc3 Nf6 3. g3 d6 4. Bg2 Be7 5. Nf3 O-O 6. O-O c6 7. d3 Nbd7 8. e4
Qc7 9. d4 exd4 10. Nxd4 Re8 11. b3 a5 12. Ba3 Nc5 13. Qc2 Bg4 14. h3 Bd7 15.
Rad1 Qc8 16. Kh2 h5 17. Nf3 g6 18. Rfe1 Nfxe4 19. Nxe4 Nxe4 20. Qxe4 d5 21.
Qxe7 Rxe7 22. Rxe7 Be6 23. Ng5 dxc4 24. Nxe6 fxe6 25. Rdd7 Qf8 26. Bb2 Qxf2 27.
Bd4 Qf5 28. Rg7+ Kf8 29. Rh7 Ke8 30. Rxb7 1-0

[Event "Veletrzni turnaj 2018"]
[Site "Střední škola informatiky, "]
[Date "2018.08.29"]
[Round "5.18"]
[White "Nemec, Jakub"]
[Black "Hladky, Tadeas"]
[Result "0-1"]
[WhiteElo "1768"]
[BlackElo "1758"]
[PlyCount "90"]
[EventDate "2018.08.26"]

1. d4 d5 2. Nf3 c6 3. c4 Nf6 4. Nc3 dxc4 5. e3 Bf5 6. Bxc4 e6 7. O-O Be7 8. Qe2
Nbd7 9. Re1 O-O 10. h3 Nb6 11. Bb3 h6 12. e4 Bh7 13. a3 Rc8 14. Bf4 Re8 15.
Rad1 Nh5 16. Bh2 Nf6 17. Ba2 Bf8 18. Bb1 Be7 19. Be5 Nfd7 20. Bf4 Nf6 21. Nh2
Qd7 22. Ng4 Rcd8 23. Nxf6+ Bxf6 24. e5 Be7 25. Bxh7+ Kxh7 26. Qh5 Rh8 27. Re3
Rdf8 28. Rg3 Nd5 29. Qg4 Rhg8 30. Ne4 Nxf4 31. Qxf4 Qd8 32. Qg4 Qd7 33. h4 Qd8
34. Rh3 g6 35. Qf4 Kg7 36. h5 g5 37. Qg4 Kh7 38. Rb3 Qc7 39. Rf3 Qd8 40. Nf6+
Bxf6 41. Qe4+ Kg7 42. Rxf6 Qd5 43. Qg4 c5 44. dxc5 Qxe5 45. Qf3 Qxf6 0-1